Joseph's coat colours Quiz Stats

 Plays Quiz not verified by Sporcle

Challenge
Share
Tweet
Embed
Score 0/29 Timer 10:00
0 Plays Today
% Correct
red
100%
yellow
100%
black
98.1%
orange
98.1%
blue
96.2%
green
94.2%
purple
94.2%
white
94.2%
brown
90.4%
pink
90.4%
violet
88.5%
gold
84.6%
silver
82.7%
grey
78.8%
peach
69.2%
% Correct
cream
69.2%
scarlet
67.3%
ruby
65.4%
olive
65.4%
mauve
65.4%
lemon
65.4%
ochre
63.5%
crimson
61.5%
fawn
59.6%
lilac
59.6%
chocolate
57.7%
azure
57.7%
russet
53.8%
rose
51.9%

You're not logged in!

Compare scores with friends on all Sporcle quizzes.
OR
Log In

You Might Also Like...

Show Comments

Extras

Created Sep 29, 2010ReportNominate
Tags:Color Quiz, coat, joseph

Top Quizzes Today


Score Distribution

Your Account Isn't Verified!

In order to create a playlist on Sporcle, you need to verify the email address you used during registration. Go to your Sporcle Settings to finish the process.

Report this User

Report this user for behavior that violates our Community Guidelines.

Details: